Loading...
History - World History | 5 | 4 | 0 | 1 | 115 | 45 | 91.67 | 5 | 8 |
History - American History | 1 | 6 | 0 | 3 | 75 | 34 | 119.71 | 1 | 3 |
History - Other History | 1 | 2 | 1 | 0 | 30 | 59 | 97.67 | 1 | 3 |
Modern World | 0 | 3 | 0 | 1 | 30 | 81 | 113.00 | 0 | 0 |
History - European History | 1 | 2 | 1 | 0 | 30 | 67 | 103.67 | 1 | 1 |
Other Academic | 0 | 2 | 0 | 0 | 20 | 95 | 114.00 | 0 | 0 |
Fine Arts - Other Arts | 0 | 2 | 0 | 0 | 20 | 119 | 136.50 | 0 | 1 |
Other Culture | 1 | 0 | 0 | 0 | 15 | 31 | 31.00 | 1 | 1 |
Literature - World Literature | 0 | 1 | 0 | 0 | 10 | 146 | 146.00 | 0 | 0 |
Philosophy | 0 | 1 | 0 | 0 | 10 | 139 | 139.00 | 0 | 0 |
Geography | 0 | 1 | 0 | 1 | 10 | 146 | 146.00 | 0 | 0 |
Mythology | 0 | 1 | 1 | 0 | 5 | 144 | 144.00 | 0 | 0 |
Literature - American Literature | 0 | 0 | 1 | 0 | -5 | 0.00 | 0 | 0 | |
Fine Arts - Classical Music and Opera | 0 | 0 | 1 | 0 | -5 | 0.00 | 0 | 0 |